Quizzes
Events
Quiz Creation
Community
Videos
Private Events
Remove Ads
Sign In
Join for FREE
Feedback
Dark Mode
Quiz Categories
Sports
Geography
Music
Movies
Television
Just For Fun
Miscellaneous
History
Literature
Language
Science
Gaming
Entertainment
Religion
Holiday
For Kids
Quiz Lab
Recent
Popular Today
Quiz Kudos Today
Editor Picks
Curator Picks
Quizzes by...
Day
Popularity
Type
Ratings
Length
Year
Community
Subscriptions
Recent Discussions
Orange Saloon
Badges
Playlists
Quests
Create
Leaderboards
Showdown
Live 5
Trivia Bingo
Activity
Puzzle Library
Sporcle Events
Private Events
Virtual Trivia
Globe League
Become a Host
Pub Owners
SporcleCon
Opinionation
Our Games
Videos
Blog
Mobile Apps
Partnerships
Remove Ads and Go Orange
Feedback
Music
Pop Music
The Beatles
Song
Album
Lyrics
Bands
Singers
Artist
Clip
Rock
Rap
Classical
Billboard
Country Music
Kpop
Taylor Swift
Music
Pop Music
The Beatles
Song
Album
Lyrics
Bands
Singers
Artist
Clip
Rock
Rap
Classical
Billboard
Country Music
Kpop
Taylor Swift
Random Quiz
Search Sporcle
×
Quiz Lab
Quiz Lab
Music
Lyrics
Type in answers that appear in a list
Type in answers that appear in a list
Classic
Best Score? Go Orange.
Bon Jovi Lyrics Stats
Can you name the Bon Jovi song from the lyrics?
By
CharmQuark79
3m
10 Questions
925 Plays
925 Plays
925 Plays
Comments
Comments
Give Quiz Kudos
Give Quiz Kudos
-
- Ratings
hide this ad
Random Order
Randomize order of answers
Randomize order of answers
Replay
Link that replays current quiz
Next Quiz
Link to next quiz in quiz playlist
You Got
0%
They Got
Avg Score
65%
Avg Friend Score
Upgrade to see
Score Distribution
Jump to the score distribution portion of the page
Score
0/10
Timer
03:00
0
Plays Today
Lyrics
Song
% Correct
I walk these streets, a loaded six string on my back. I play for keeps, cause I might not make it back
Wanted Dead Or Alive
89.3%
And I don't need no anesthesia or a nurse to bring a pill
Bad Medicine
86.3%
The hotel bar hangover whiskey's gone dry, the barkeepers wig's crooked and she's giving me the eye
Bed Of Roses
75%
Shining like a diamond, rolling with the dice. Standing on the ledge, I show the wind how to fly
Have A Nice Day
74.3%
Only God would know the reasons. But I bet he must have a plan
Born To Be My Baby
70.5%
There's only one place that call me one of their own. Just a hometown boy, born a rolling stone
Who Says You Can't Go Home
68.4%
This one goes out to the sinner and the cynical. This aint about no apology
We Weren't Born To Follow
65.7%
I wasn't born a rich man, I ain't got no pedigree. The sweat on this old collar, that's my Ph.D.
Save The World
53.6%
You and me, we're invicible together. We can be oh so tragical, whatever
Captain Crash and the Beauty Queen from Mars
45.9%
You wanna start a personal revolution, what else you gonna do tonight
No Apologies
29.1%
Quiz Playlist
Details
Report
Send in Message
Add To Playlist
Classic:
Type in answers that appear in a list
Random Order:
Randomize order of answers
Last Updated: Feb 16, 2017
Quiz Scoreboard
CHALLENGE
Sign Up to Join the Scoreboard
Show All
Scores
Hide
Comments
May contain spoilers
Recently Published
Pick 6: Fruits
by JohnFran
Miscellaneous
15s
Click the 1999 NBA Draft
by nibperrychub
Sports
2m
Alphabetical 'K' Countries by Flag Minefield
by ylime102
Geography
3m
More to Explore
Quiz From the Vault
Featured Blog Post
15 Basketball Trivia Facts You Can Be March Mad About
hide this ad
You Might Also Like...
Tags
Lyrics Quiz
Bon Jovi
Today's Top Quizzes in Music
Browse Music
hide this ad
Today's Top Quizzes in Lyrics
Browse Lyrics
Top Contributed Quizzes in Music
1
Taylor Swift All Songs (2024)
2
Image Sorting: Rock Albums II
3
Image Sorting: Rock Albums III
4
Image Sorting: Rock Albums IV
5
Image Sorting: Rock Albums V
6
Taylor Swift Logic Puzzle
7
Image Sorting: Rock Albums VI
8
Adjectives in 80s Songs
9
Nickname Match: Musicians
10
Image Sorting: Album Titles
Explore More
Trending Topics
Harry Potter
Anime
Kpop
Marvel
Disney
Crossword
NBA
Pokémon
Song
Soccer
WWE
NFL
Country
Puzzle
The Office
hide this ad
More By:
CharmQuark79
Quiz
Plays
Rating
Category
Featured
Created
Bon Jovi Lyrics
925
4.67
Music
Mar 30, 2011
X-Men Aliases
288
4.00
Entertainment
Mar 27, 2011
Meat Loaf Lyrics
190
3.00
Music
Apr 11, 2011
Elemental Names
47
4.00
Science
Apr 3, 2011
Go to Creator's Profile
Score Distribution
Quiz Creator Spotlight
CharmQuark79
Follow
Send a Message
Quizzes Created
-
Created Quiz Play Count
-
More By This Creator
Popular Quizzes Today
1
Countries of Asia Without Outlines Minefield
2
Find the US States - No Outlines Minefield
3
Pick 6: Fruits
4
Alphabetical 'K' Countries by Flag Minefield
5
The Countries of the World
6
Click the 1999 NBA Draft
7
Match the Book to the Film X
8
Find the US States
More Music Quizzes
Songs for COVID-19
Curator's Pick
Trending Quizzes
Donkey Kong Minefield
Multiplication Danger Zone
DC Extended Universe: Oldest to Newest
The 3rd Thing You Need to Know: Actresses
Minefield Map: North American Capitals
Recently Updated
Women's Final Four Teams by Year
bhenderson79
Presidents Quartet II
eogle
Anything But Clue(do)
eogle
Anything But Oceanian Capitals
eogle
Anything But 7
eogle
Anything But Thing
eogle
Word Ladder: February 29
pecheneg
Song Title Questions
pecheneg
Women's NCAA Tournament #1 Seeds
pecheneg
Celebrity Mug Shots
pecheneg
Trending Topics
NBA
Anime
Marvel
Harry Potter
Kpop
Crossword
Disney
Country
Song
Pokémon
NFL
The Office
WWE
Puzzle
Soccer
Your Account Isn't Verified!
In order to create a playlist on Sporcle, you need to verify the email address you used during registration. Go to your
Sporcle Settings
to finish the process.
Report this User
Report this user for behavior that violates our
Community Guidelines
.
Details:
Send Report
Go to the Sporcle.com Mobile Site →
Comments